[Event "TUR-chT 2nd League"]
[Site "Denizli"]
[Date "2023.07.15"]
[Round "9.132"]
[White "Uzunoglu, Efe Kerem"]
[Black "Koca, Emirhan"]
[Result "1-0"]
[WhiteElo "2072"]
[BlackElo "1741"]
[PlyCount "76"]
[EventDate "2023.07.09"]
[EventType "team-swiss"]
[EventRounds "9"]
[EventCountry "TUR"]
[SourceTitle "CBM 215 Extra"]
[Source "ChessBase"]
[SourceDate "2023.09.30"]
[SourceVersion "1"]
[SourceVersionDate "2023.09.30"]
[SourceQuality "1"]
[WhiteTeam "Cigli Batubey"]
[BlackTeam "Hayat"]
[WhiteTeamCountry "TUR"]
[BlackTeamCountry "TUR"]

1. e4 e5 2. Nf3 Nc6 3. d4 exd4 4. Bc4 Nf6 5. e5 d5 6. Bb5 Ne4 7. Nxd4 Bd7 8. Bxc6 bxc6 9. 0-0 Bc5 10. f3 Ng5 11. f4 Ne4 12. Be3 0-0 13. Nd2 Nxd2 14. Qxd2 Qe7 15. Rae1 Bb6 16. Nb3 Bf5 17. Qc3 Qd7 18. Bc5 Rfe8 19. a4 a5 20. Nd4 Be4 21. Re3 Ra6 22. Rg3 Kh8 23. b3 Raa8 24. Rf2 Rac8 25. h3 Rg8 26. f5 Qe8 27. e6 f6 28. Rf4 Qh5 29. Rgg4 g5 30. Rf2 Qe8 31. Ne2 Bxc5 32. Qxc5 h5 33. Rg3 h4 34. Rg4 Bxf5 35. Rxf5 Qxe6 36. Nd4 Qe3+ 37. Kh2 Rce8 38. Qxc6 Rgf8 1-0

[Event "TUR-chT 2nd League"]
[Site "Denizli"]
[Date "2023.07.12"]
[Round "5.123"]
[White "Koca, Emirhan"]
[Black "Derbentli, Cemil Furkan"]
[Result "1-0"]
[WhiteElo "1741"]
[BlackElo "1472"]
[PlyCount "98"]
[EventDate "2023.07.09"]
[EventType "team-swiss"]
[EventRounds "9"]
[EventCountry "TUR"]
[SourceTitle "CBM 215 Extra"]
[Source "ChessBase"]
[SourceDate "2023.09.30"]
[SourceVersion "1"]
[SourceVersionDate "2023.09.30"]
[SourceQuality "1"]
[WhiteTeam "Hayat"]
[BlackTeam "Karaman Tabduk Emre"]
[WhiteTeamCountry "TUR"]
[BlackTeamCountry "TUR"]

1. e4 c5 2. Nf3 Nc6 3. d4 cxd4 4. Nxd4 g6 5. c4 Bg7 6. Be3 Qb6 7. Nb5 Qa5+ 8. N1c3 d6 9. Be2 Nf6 10. 0-0 a6 11. Nd4 Nxd4 12. Bxd4 0-0 13. Rb1 Be6 14. b4 Qc7 15. Rc1 Rfc8 16. f3 Kf8 17. Qd2 b6 18. Nd5 Bxd5 19. cxd5 Qb7 20. Rxc8+ Rxc8 21. Rc1 Nd7 22. Be3 Ke8 23. Rc2 Kd8 24. a4 Nb8 25. f4 Rxc2 26. Qxc2 Qc7 27. Qb3 Kc8 28. Kf2 Kb7 29. Bc4 Qd7 30. h3 Qc8 31. Ke2 Ba1 32. Qd3 Qh8 33. e5 Qc8 34. Qe4 Qc7 35. e6 fxe6 36. dxe6+ Kc8 37. b5 axb5 38. axb5 Qa7 39. Kf3 Qa3 40. Qd5 Bb2 41. Bd3 Qa7 42. Be4 Qc7 43. f5 Be5 44. fxg6 hxg6 45. Bxg6 Kd8 46. h4 Qa7 47. h5 Qa1 48. Bxb6+ Kc8 49. Qc4+ Kb7 1-0

[Event "TUR-chT 2nd League"]
[Site "Denizli"]
[Date "2023.07.12"]
[Round "6.123"]
[White "Ozdemir, Abdurrahim Kayra"]
[Black "Koca, Emirhan"]
[Result "1/2-1/2"]
[WhiteElo "1590"]
[BlackElo "1741"]
[PlyCount "60"]
[EventDate "2023.07.09"]
[EventType "team-swiss"]
[EventRounds "9"]
[EventCountry "TUR"]
[SourceTitle "CBM 215 Extra"]
[Source "ChessBase"]
[SourceDate "2023.09.30"]
[SourceVersion "1"]
[SourceVersionDate "2023.09.30"]
[SourceQuality "1"]
[WhiteTeam "Calli Spor"]
[BlackTeam "Hayat"]
[WhiteTeamCountry "TUR"]
[BlackTeamCountry "TUR"]

1. e4 e5 2. Nf3 Nc6 3. Bc4 Nf6 4. Nc3 Nxe4 5. Nxe4 d5 6. Bd3 dxe4 7. Bxe4 Bd6 8. 0-0 0-0 9. Bxc6 bxc6 10. d4 e4 11. Ne5 c5 12. Be3 cxd4 13. Qxd4 Qf6 14. Nc4 Be7 15. Rad1 Be6 16. Qxe4 Bf5 17. Qf4 Bxc2 18. Qxf6 Bxf6 19. Rd7 Rfc8 20. Rd2 Bf5 21. Rfd1 a5 22. Bd4 Be6 23. Bxf6 Bxc4 24. Rd8+ Rxd8 25. Rxd8+ Rxd8 26. Bxd8 Bxa2 27. Bxc7 a4 28. Bd6 Bb3 29. Bc7 Ba2 30. Bd6 Bb3 1/2-1/2

[Event "TUR-chT 2nd League"]
[Site "Konya"]
[Date "2022.08.26"]
[Round "7.12"]
[White "Bircan, Selim"]
[Black "Koca, Emirhan"]
[Result "0-1"]
[WhiteElo "1838"]
[BlackElo "1701"]
[PlyCount "94"]
[EventDate "2022.08.22"]
[EventType "team-swiss"]
[EventRounds "9"]
[EventCountry "TUR"]
[SourceTitle "CBM 210 Extra"]
[Source "ChessBase"]
[SourceDate "2022.11.30"]
[SourceVersion "1"]
[SourceVersionDate "2022.11.30"]
[SourceQuality "1"]
[WhiteTeam "Konya Erkin"]
[BlackTeam "Hayat"]
[WhiteTeamCountry "TUR"]
[BlackTeamCountry "TUR"]

1. d4 Nf6 2. Nf3 c5 3. c4 cxd4 4. Nxd4 Nc6 5. Nc3 g6 6. e4 d6 7. Be2 Bg7 8. Be3 Bd7 9. Nc2 Rc8 10. f3 Ne5 11. b3 a6 12. Qd2 0-0 13. Rc1 Qa5 14. 0-0 Rfe8 15. a4 Nc6 16. Rfd1 Ng4 17. b4 Qe5 18. fxg4 Qxc3 19. Qxc3 Bxc3 20. Bd2 Bxd2 21. Rxd2 Ne5 22. Ne3 Bxa4 23. Nd5 Bc6 24. Nb6 Rc7 25. Bf3 Nd7 26. Nd5 Bxd5 27. exd5 Rec8 28. Re1 Kf8 29. Rde2 Ne5 30. Rxe5 dxe5 31. c5 a5 32. Rxe5 axb4 33. d6 exd6 34. cxd6 Rd7 35. Rb5 Rxd6 36. Rxb7 Rd4 37. Kf2 Re8 38. h4 Re7 39. Rb8+ Kg7 40. Rb5 h6 41. Rb6 Re5 42. h5 g5 43. Rb7 Rc5 44. Ke3 Rf4 45. Be4 Re5 46. Rxb4 Rxg4 47. Kd3 Rexe4 0-1